Agents R6 - Statistiques

Statistiques générales
  • Ce quiz a été pris 127 fois
  • Le résultat moyen est 10 sur 13
Statistiques - réponses
Equipe Agents Equipe Agents Equipe Agents Equipe Agents % Correct
GIGN Doc GSG9 Jager
93%
GIGN Rook GSG9 Bandit JTF2 Buck THE UNIT Maverik
92%
FBI Ash SEPSTNAZ Fuze G.E.O. Jackal GIGR Nomad
88%
GIGN Montagne GSG9 Blitz NAVY SEAL Valkyrie G.I.S. Maestro
88%
GIGN Twitch GSG9 IQ NAVY SEAL BlackBeard G.I.S. Alibi
88%
SAS Mute G.R.O.M Ela SECRET SERVICE Warden
82%
SAS Smoke BOPE Capitao
80%
FBI Castle SPETSNAZ Tachanka
78%
FBI Pulse SPETSNAZ Kapkan S.D.U Ying SASR Gridlock
78%
SAS Sledge S.A.T. Hibana
78%
FBI Termite SEPSTNAZ Glaz G.E.O. Mira GIGR Kaid
72%
GIGN Lion JTF2 Frost THE UNIT Clash
66%
SAS Tatcher S.A.T. Echo G.R.O.M Zofia SECRET SERVICE Nokk
66%
Aucun quiz correspondant
Distribution des résultats
% des personnes avec chaque résultat
Percentile par nombre de réponses
Votre historique - résultats
Vous n’avez pas pris ce quiz